<?xml version="1.0" encoding="UTF-8"?>
<collection xmlns="http://www.loc.gov/MARC21/slim">
 <record>
  <leader>00489nam a22001575a 4500</leader>
  <controlfield tag="001">EEO.bibeco004421</controlfield>
  <controlfield tag="003">AR-BaUEB</controlfield>
  <controlfield tag="005">20110412134608.0</controlfield>
  <controlfield tag="008">080718s1983####xxu###########000#0#spa#d</controlfield>
  <datafield tag="245" ind1="1" ind2="0">
   <subfield code="a">Investigaciones agronómicas  :</subfield>
   <subfield code="b">documento de política sectorial.</subfield>
  </datafield>
  <datafield tag="260" ind1=" " ind2=" ">
   <subfield code="a">Washington :</subfield>
   <subfield code="b">Banco mundial,</subfield>
   <subfield code="c">1983.</subfield>
  </datafield>
  <datafield tag="300" ind1=" " ind2=" ">
   <subfield code="a">132 p.</subfield>
  </datafield>
  <datafield tag="020" ind1=" " ind2=" ">
   <subfield code="a">0821301616</subfield>
  </datafield>
  <datafield tag="110" ind1="2" ind2=" ">
   <subfield code="a">Banco Mundial (Washington, D.C.).</subfield>
  </datafield>
  <datafield tag="082" ind1="0" ind2="4">
   <subfield code="a">630.072</subfield>
  </datafield>
  <datafield tag="859" ind1=" " ind2=" ">
   <subfield code="a">AR-BaUEB</subfield>
   <subfield code="b">BIB. ECONOMIA - General</subfield>
   <subfield code="h">630.072</subfield>
   <subfield code="i">B22</subfield>
   <subfield code="p">e05304</subfield>
  </datafield>
 </record>
</collection>
